Mecánica cuántica para químicos
Đã lưu trong:
| Tác giả chính: | |
|---|---|
| Định dạng: | Sách |
| Ngôn ngữ: | Tiếng Tây Ban Nha |
| Được phát hành: |
Ciudad de México
Addison-Wesley Iberoamericana
1987
|
| Những chủ đề: | |
| Các nhãn: |
Thêm thẻ
Không có thẻ, Là người đầu tiên thẻ bản ghi này!
|
MARC
| LEADER | 00000nam a2200000 a 4500 | ||
|---|---|---|---|
| 001 | UCX1953 | ||
| 003 | CL-VaPUC | ||
| 008 | 901204e19870000MX |||||||||||||||||spa|d | ||
| 082 | 0 | 4 | |a 541.28 |b HAN |2 21 |
| 100 | |a Hanna, Melvin W |e author |9 317677 | ||
| 245 | 1 | 0 | |a Mecánica cuántica para químicos |
| 300 | |a 294 p | ||
| 942 | |c BK | ||
| 945 | |d 19901204 00:00:00 | ||
| 260 | |a Ciudad de México |b Addison-Wesley Iberoamericana |c 1987 | ||
| 650 | 7 | |a QUIMICA CUANTICA |2 CL-VaPUC |9 317678 | |
| 650 | 0 | |a Teoría cuántica |9 266148 | |
| 650 | 0 | |a Fisicoquímica |9 259585 | |
| 583 | |a last modification |c 19901204 00:00:00 |k Rodrigo Vera | ||
| 999 | |c 223078 |d 223076 | ||
| 952 | |0 0 |1 0 |4 0 |6 541_280000000000000_HAN_1987 |7 0 |8 A |9 218524 |a BIBCUR |b BIBCUR |d 2019-11-15 |i 2873338 |l 1 |o 541.28 HAN 1987 |p 2873338 |r 2025-04-22 |s 2025-03-17 |w 2019-11-15 |y BK |k BCB | ||
| 952 | |0 0 |1 0 |4 0 |6 541_280000000000000_HAN_1987 |7 0 |8 A |9 218526 |a BIBCUR |b BIBCUR |d 2019-11-15 |i 2708876 |l 3 |o 541.28 HAN 1987 |p 2708876 |r 2025-04-22 |s 2024-05-27 |w 2019-11-15 |y BK |k QUI | ||